000
00277nam a2200109Ia 4500
008
200302s9999 xx 000 0 und d
100
_a
Diane Wright
245
_a
Beautiful Landscapes : Drawing Made Easy
260
_b
Walter Foster Publishing Inc
260
_c
2011
300
_a
64
999
_c
4581
_d
4581